| 000 | 00994nam a22002537a 4500 | ||
|---|---|---|---|
| 999 |
_c1871 _d1871 |
||
| 003 | AR-CdUCM | ||
| 008 | 190228b ||||| |||| 00| 0 spa d | ||
| 040 |
_aMUNICIPALIDAD PROVINCIAL DEL CUSCO _cBIBLIOTECA MUNICIPAL DEL CUSCO |
||
| 041 | _heng | ||
| 082 |
_a338.9 / _bJ67 |
||
| 100 |
_aJohnson, Harry G. _96854 |
||
| 245 |
_aPolíticas económicas para el desarrollo / _cHarry G. Johnson |
||
| 260 |
_aSantiago : _bUniversitaria, _c1970. |
||
| 300 |
_a310 paginas ; _c23 cm. |
||
| 505 | _aEl marco político y económico -- Aspectos internacionales del desarrollo económico -- Obstáculos que las políticas económicas adoptadas ponen al crecimiento de los países menos desarrollados ... | ||
| 650 |
_aPolíticas económicas _96855 |
||
| 650 |
_aDesarrollo _92021 |
||
| 650 |
_aCrecimiento _96856 |
||
| 650 |
_aRealidades políticas _96857 |
||
| 650 |
_aIndustrialización _91455 |
||
| 710 |
_aUniversidad Católica de Chile _96858 |
||
| 942 |
_2ddc _cLIBROS |
||
| 945 |
_aacv _d2019-02-27 |
||